00373nam a22001337a 45000050016000000200023000160350012000390370013000511000019000642450081000832500014001642600042001783000019002202012022804574.0 a8170002419c350.00 aB-31070 aDPLbENG aS., Jagadeesha aLibrary automation using Foxpro 2.0 /cby Jagadeesha S. and Mahesh V. Mudhol arpr. 1999 aNew DelhibEss Ess Publicationsc1999 a184p.c20 cms.